000 00519ntaaa2200193 4500
003 01
005 20251027201144.0
008 0714s1973 ag 01
040 _aAR-BaBN
_bspa
_cAR-BaBN
_eaacr
_dRIC
082 _a266 G597
100 _aGoerner, Henry Cornell
_96042
245 _aThus it is written /
_cHenry Cornell Goerner
250 _a1 ed.
260 _aNashville :
_bBroadman Press,
_c1944, 1946
300 _a178 p.
500 _aLa motivación misionera en las Escrituras
650 _aMisiones
942 _cBK
999 _c5807
_d5807